[Event "VIII Wroclaw Open A 2013"]
[Site "Wroclaw POL"]
[Date "2013.07.09"]
[Round "9.2"]
[White "Wieczorek,O"]
[Black "Siembab,B"]
[Result "1/2-1/2"]
[WhiteElo "2378"]
[BlackElo "2258"]

1.e4 d6 2.d4 Nf6 3.Nc3 e5 4.Nf3 Nbd7 5.g4 Nxg4 6.Rg1 Ngf6 7.Bc4 h6 8.Be3 c6
9.dxe5 dxe5 10.Qd3 Nh5 11.O-O-O Qf6 12.Nb5 cxb5 13.Bxb5 Be7 14.Bxd7+ Kf8
15.Bxc8 Rxc8 16.Qd7 Re8 17.Qg4 g6 18.Rd7 Qa6 19.Nxe5 Qxa2 20.Bc5 Nf6 21.Nxg6+ fxg6
22.Qxg6 Qf7 23.Rxb7 Qxg6 24.Rxg6 Nxe4 25.Bxa7 Kf7 26.Rc6 Rc8 27.Rxc8 Rxc8
28.Be3 h5 29.Kd1 Nd6 30.Ra7 Ke6 31.Bf4 Rc4 32.Bg3 Nf5 33.c3 h4 34.Bb8 Rc8
35.Bf4 Bc5 36.Ra6+ Kd5 37.Ke2 Re8+  1/2-1/2

[Event "VIII Wroclaw Open A 2013"]
[Site "Wroclaw POL"]
[Date "2013.07.09"]
[Round "9.13"]
[White "Dmochowska,A"]
[Black "Khamidov,K"]
[Result "0-1"]
[WhiteElo "1807"]
[BlackElo "2080"]

1.d4 d6 2.e4 Nf6 3.Nc3 e5 4.dxe5 dxe5 5.Qxd8+ Kxd8 6.Bg5 c6 7.O-O-O+ Kc7
8.Nf3 Bd6 9.Nd2 Ne8 10.Nc4 f6 11.Be3 Nd7 12.h4 b5 13.Na5 a6 14.Nb3 Be7 15.g4 h6
16.Ne2 Nd6 17.Ng3 g6 18.f3 Nf8 19.a4 bxa4 20.Nc5 a3 21.bxa3 Nb5 22.a4 Nd4
23.Nb3 c5 24.Nxd4 cxd4 25.Bd2 Be6 26.Ba5+ Kb7 27.Kd2 Nd7 28.h5 g5 29.Nf5 Bc5
30.Bd3 Ka7 31.Rb1 Rac8 32.Bb4 Rb8 33.Bxc5+ Nxc5 34.Rxb8 Kxb8 35.Rb1+ Kc7
36.a5 Bxf5 37.exf5 Rb8 38.Rxb8 Kxb8 39.Bc4 Ka7 40.Bd5 Nb7 41.c3 dxc3+ 42.Kxc3 Nxa5
43.Kb4 Kb6 44.Be4 Nc6+ 45.Ka4 Kc5 46.Bd3 Kd4 47.Be4 Nb8 48.Ka5 Nd7 49.Bc2 Ke3  0-1

[Event "3rd SPAChess Open"]
[Site "Amsterdam NED"]
[Date "2013.07.10"]
[Round "5.20"]
[White "Van den Berg,Ha"]
[Black "Koelewijn,Alex"]
[Result "0-1"]
[WhiteElo "2176"]
[BlackElo "2060"]

1.e4 d6 2.d4 Nf6 3.Nc3 c6 4.h3 Qa5 5.Bd3 Na6 6.Be3 Nb4 7.a3 Nxd3+ 8.Qxd3 g6
9.Ne2 d5 10.e5 Ne4 11.O-O Nxc3 12.Nxc3 Bf5 13.Qd2 h5 14.Rfc1 Bg7 15.Bg5 Rc8
16.b4 Qc7 17.f3 b6 18.g4 Be6 19.Ne2 hxg4 20.hxg4 f6 21.Bf4 fxe5 22.Bg3 Qd7
23.dxe5 c5 24.Qd3 Bh6 25.Re1 d4 26.Rad1 Be3+ 27.Kg2 g5 28.Rh1 Rf8 29.Nc3 cxb4
30.Ne4 Bc4 31.Qxe3 dxe3 32.Rxd7 Kxd7 33.axb4 Be2 34.Nxg5 Rxc2 35.e6+ Kc6
36.Re1 Bxf3+ 37.Kh3 Bg2+ 38.Kh2 Rh8+ 39.Bh4 Rxh4+ 40.Kg3 Rh1 41.Rxe3 Bd5
42.Nf7 a5 43.bxa5 bxa5 44.g5 Kc5 45.Kf4 a4 46.Ke5 Rf2 47.Nh6 a3 48.Rc3+ Bc4  0-1

[Event "ch-BEL Experten 2013"]
[Site "Antwerp BEL"]
[Date "2013.07.10"]
[Round "5.5"]
[White "Rooze,J"]
[Black "Le Quang,K"]
[Result "1/2-1/2"]
[WhiteElo "2386"]
[BlackElo "2242"]

1.e4 d6 2.d4 Nf6 3.Nc3 c6 4.h3 Nbd7 5.Nf3 e5 6.a4 Be7 7.Bc4 O-O 8.O-O Nxe4
9.Nxe4 d5 10.Ned2 e4  1/2-1/2

[Event "36th Barbera Open"]
[Site "Barbera del Valles ESP"]
[Date "2013.07.10"]
[Round "7.31"]
[White "Van Riemsdijk,H"]
[Black "Basencyan,M"]
[Result "0-1"]
[WhiteElo "2367"]
[BlackElo "2130"]

1.e4 d6 2.d4 Nf6 3.Nc3 e5 4.Nf3 Nbd7 5.Bc4 Be7 6.O-O O-O 7.Re1 c6 8.a4 b6
9.Qe2 a6 10.Bb3 Qc7 11.h3 h6 12.dxe5 dxe5 13.Bc4 Nc5 14.Nh4 Ne6 15.Nf5 Nd4
16.Nxd4 exd4 17.Nb1 Nd7 18.e5 Nc5 19.Bf4 Be6 20.Bg3 b5 21.Bxe6 fxe6 22.axb5 cxb5
23.Nd2 Qc6 24.Nf3 d3 25.cxd3 Qd5 26.Rad1 a5 27.Bh4 g5 28.d4 Nb3 29.Qd3 Kg7
30.Bg3 a4 31.h4 b4 32.Re3 Rad8 33.h5 Rf5 34.Qc2 Rd7 35.Red3 Bd8 36.Qb1 Bb6
37.Bh2 g4 38.Nh4 Rxh5 39.Rxb3 Qxb3 40.Qg6+ Kf8 41.Rc1 Rc7 42.Qf6+ Ke8 43.Qg6+ Kd7
44.Rxc7+ Kxc7 45.Bg3 a3 46.bxa3 Rxh4 47.Bxh4 bxa3 48.Qe8 a2 49.Bd8+ Kb7 50.Qd7+ Ka6
51.Qc8+ Kb5 52.Qd7+ Kb4 53.Bxb6 a1=Q+ 54.Kh2 g3+ 55.fxg3 Qad1 56.Bc5+ Kc3
57.Qf7 Qbb1  0-1

[Event "36th Barbera Open"]
[Site "Barbera del Valles ESP"]
[Date "2013.07.10"]
[Round "7.22"]
[White "Thakur,Ak"]
[Black "Alonso Moyano,J"]
[Result "1-0"]
[WhiteElo "2234"]
[BlackElo "2420"]

1.e4 d6 2.d4 Nf6 3.Nc3 e5 4.Nf3 Nbd7 5.Bc4 Be7 6.O-O O-O 7.Re1 c6 8.a4 a5
9.h3 Qc7 10.Be3 Nb6 11.Ba2 Nfd7 12.Qe2 h6 13.Rad1 Re8 14.Nh2 Bf8 15.Qf3 Re7
16.Ng4 h5 17.Nh2 exd4 18.Bxd4 g6  1-0

[Event "33rd Benasque Open"]
[Site "Benasque ESP"]
[Date "2013.07.10"]
[Round "7.8"]
[White "Guerra Mendez,J"]
[Black "Cifuentes Parada,R"]
[Result "1-0"]
[WhiteElo "2505"]
[BlackElo "2464"]

1.e4 d6 2.d4 Nf6 3.Nc3 e5 4.Nf3 Nbd7 5.Bc4 Be7 6.a4 O-O 7.O-O c6 8.Re1 b6
9.h3 a6 10.Ba2 Rb8 11.Be3 b5 12.axb5 axb5 13.b4 Qc7 14.Bb3 h6 15.Qd3 exd4
16.Nxd4 Ne5 17.Qe2 Re8 18.f4 Ng6 19.Bd2 Bf8 20.Qd3 Kh8 21.Re2 Nh5 22.Rf1 Bb7
23.g4 Nf6 24.g5 hxg5 25.fxg5 Ne5 26.Qg3 Nh5 27.Qh4 g6 28.Ref2 Bg7 29.Nf5 d5
30.Bf4 Rbd8 31.Ne2 Kg8 32.Nxg7 Kxg7 33.Bxe5+ Rxe5 34.Rxf7+ Qxf7 35.Rxf7+ Kxf7
36.Ng3 Nxg3 37.Qf4+ Ke6 38.Qf6+ Kd7 39.Qxe5 Nxe4 40.Qg7+ Kc8 41.Qxg6 Kc7
42.h4 Bc8 43.h5 Nd6 44.Qg7+ Kb6 45.Qe7 Rd7 46.Qe3+ Kb7 47.g6 Nf5 48.Qg5 Re7
49.h6 Re1+ 50.Kf2 Rh1 51.h7 Be6 52.Qf6  1-0

[Event "IsBank TCh-TUR 2013"]
[Site "Denizli TUR"]
[Date "2013.07.10"]
[Round "13.1"]
[White "Vuckovic,Bo"]
[Black "Ipatov,Alexander"]
[Result "0-1"]
[WhiteElo "2594"]
[BlackElo "2590"]

1.e4 d6 2.d4 Nf6 3.Nc3 e5 4.Nf3 Nbd7 5.Bc4 Be7 6.O-O O-O 7.Re1 a6 8.a4 b6
9.Ba2 Bb7 10.Bg5 h6 11.Bh4 Re8 12.dxe5 dxe5 13.Qd3 c6 14.Rad1 Qc7 15.Qc4 Rf8
16.Rxd7 Qxd7 17.Nxe5 Qc7 18.Nxf7 b5 19.axb5 axb5 20.Nxb5 Qf4 21.Nbd6 Qxh4
22.Nf5 Qf4 23.Nxe7+ Kh7 24.e5 Ne4 25.f3 Rxa2 26.e6 Ra1  0-1

[Event "IsBank TCh-TUR 2013"]
[Site "Denizli TUR"]
[Date "2013.07.10"]
[Round "13.7"]
[White "Yurtseven,M"]
[Black "Sanal,V"]
[Result "0-1"]
[WhiteElo "2166"]
[BlackElo "2409"]

1.e4 d6 2.d4 Nf6 3.Nc3 e5 4.Nf3 Nbd7 5.Bc4 Be7 6.O-O O-O 7.Re1 c6 8.a4 h6
9.h3 Re8 10.a5 Qc7 11.dxe5 dxe5 12.Nh4 Nf8 13.Nf5 Bxf5 14.exf5 Bb4 15.Ne4 N8h7
16.c3 Bxa5 17.Qf3 Bb6 18.Qg3 Kh8 19.Bb3 Qd7 20.Bc2 Qxf5 21.Ra4 Nxe4 22.Raxe4 Nf6
23.R4e2 e4 24.Kh1 Re6 25.Qh4 Rae8 26.f3 Qh5 27.Qxh5 Nxh5 28.Kh2 Bc7+ 29.f4 Bxf4+
30.Bxf4 Nxf4 31.Rxe4 Rxe4 32.Rxe4 Rxe4 33.Bxe4 g6 34.Kg3 Ne6 35.b4 f5 36.Bc2 Kg7
37.Kf3 Kf6 38.h4 Nc7 39.c4 Ne6 40.Ke3 Ke5 41.g3 g5 42.hxg5 hxg5 43.Bd3 g4
44.Bf1 Ng5 45.c5 Ne4 46.Bg2 Nxg3 47.b5 f4+  0-1

[Event "St. Pauli Open 2013"]
[Site "Hamburg GER"]
[Date "2013.07.10"]
[Round "5.46"]
[White "Juergens,Ka"]
[Black "Preuss,F"]
[Result "1-0"]
[WhiteElo "2093"]
[BlackElo "1994"]

1.e4 d6 2.d4 Nf6 3.Nc3 e5 4.Nf3 Nbd7 5.g4 Nxg4 6.Rg1 Ngf6 7.Bc4 h6 8.Be3 c6
9.dxe5 dxe5 10.Qd3 b5 11.Bxf7+ Kxf7 12.Nxe5+ Ke8 13.O-O-O Bb7 14.Ng6 Rg8
15.e5 Nxe5 16.Qf5 Ned7 17.Qe6+ Be7 18.Ne4 Nxe4 19.Qxg8+ Bf8 20.Qe6+ Be7 21.Rxd7 Qxd7
22.Qg8+  1-0

[Event "EY Girls Teams 2013"]
[Site "Maribor SLO"]
[Date "2013.07.10"]
[Round "5"]
[White "Badzgaradze,Elena"]
[Black "Leks,M"]
[Result "1-0"]
[WhiteElo "1614"]
[BlackElo "2109"]

1.e4 d6 2.d4 Nf6 3.Nc3 e5 4.Nf3 Nbd7 5.Bc4 Be7 6.O-O O-O 7.Re1 c6 8.a4 a5
9.b3 Qc7 10.Bb2 Nb6 11.Bd3 Bg4 12.dxe5 dxe5 13.h3 Bh5 14.g4 Bg6 15.Nh4 Nfd7
16.Nf5 Bxf5 17.gxf5 Bh4 18.Qg4 Qd8 19.Bc1 Kh8 20.Be3 g6 21.Kh1 Rg8 22.Rg1 Qf6
23.Qf3 Nc8 24.Rg4 g5 25.Rag1 Nd6 26.Qe2 h6 27.Nb1 Qe7 28.Nd2 Nf6 29.R4g2 Kh7
30.Bc5 Qc7 31.Nf3 b6 32.Ba3 Qe7 33.Bb2 Nd7 34.Bc1 Qf6 35.Nxh4 gxh4 36.Qh5 Rxg2
37.Rxg2 Nb7 38.Rg4 Nbc5 39.Rxh4 Nxd3 40.cxd3 Qe7 41.Qxh6+  1-0

[Event "ch-BEL Open 2013"]
[Site "Antwerp BEL"]
[Date "2013.07.11"]
[Round "6.30"]
[White "Verhasselt,Karsten"]
[Black "Barbier,Wie"]
[Result "0-1"]
[WhiteElo "1795"]
[BlackElo "1939"]

1.e4 d6 2.d4 Nf6 3.Nc3 e5 4.dxe5 dxe5 5.Qxd8+ Kxd8 6.Bg5 c6 7.O-O-O+ Nd7
8.Nf3 Kc7 9.Bd3 Bc5 10.Bh4 b5 11.Ne2 Re8 12.c3 a5 13.Rd2 Nb6 14.Bxf6 gxf6
15.Ng3 Rg8 16.Nh4 Be6 17.Kb1 b4 18.cxb4 axb4 19.b3 Bd4 20.Ne2 Bxf2 21.g3 Be3
22.Rc2 Ra5 23.Rhc1 Bxc1 24.Nxc1 Rd8 25.Ng2 Nd7 26.Rf2 Nc5 27.Bc2 Rd4  0-1

[Event "FIDE GP Beijing"]
[Site "Beijing CHN"]
[Date "2013.07.11"]
[Round "7.4"]
[White "Wang Hao"]
[Black "Giri,A"]
[Result "1-0"]
[WhiteElo "2752"]
[BlackElo "2734"]

1.d4 d6 2.e4 Nf6 3.Nc3 e5 4.Nf3 Nbd7 5.Bc4 exd4 6.Qxd4 Be7 7.Bxf7+ Kxf7 8.Ng5+ Ke8
9.Ne6 c5 10.Qd1 Qb6 11.Nxg7+ Kf7 12.Nf5 Bf8 13.O-O d5 14.Nxd5 Nxd5 15.Qxd5+ Ke8
16.Bg5 Qg6 17.Rad1 Rg8 18.f4 a5 19.e5 Qxf5 20.Qxg8 Ra6 21.Rfe1 Rg6 22.e6  1-0

[Event "120th ch-SCO 2013"]
[Site "Helensburgh SCO"]
[Date "2013.07.11"]
[Round "6.9"]
[White "Burrows,M"]
[Black "Hoffman,A"]
[Result "0-1"]
[WhiteElo "2157"]
[BlackElo "2452"]

1.e4 d6 2.d4 Nf6 3.Nc3 e5 4.Nf3 Nbd7 5.Bc4 Be7 6.O-O O-O 7.Re1 a6 8.a4 b6
9.Bg5 Bb7 10.Qd2 c6 11.d5 c5 12.h3 Ne8 13.Be3 g6 14.Nh2 Ng7 15.Bh6 Kh8 16.f4 exf4
17.Qxf4 Bf6 18.Ng4 Bd4+ 19.Kh1 Qe7 20.Rad1 Rae8 21.Bd3 f6 22.Qf1 Nh5 23.Kh2 Ne5
24.g3 Rf7 25.Be3 Bc8 26.Nh6 Rff8 27.Bxa6 Bxa6 28.Qxa6 Nf3+ 29.Kg2 Nxe1+ 30.Rxe1 Qe5
31.Bf4 Nxf4+ 32.gxf4 Qxf4 33.Ng4 h5 34.Rf1 Qg5  0-1

[Event "EY Boys Teams 2013"]
[Site "Maribor SLO"]
[Date "2013.07.11"]
[Round "6"]
[White "Markoja,S"]
[Black "Ostovic,M"]
[Result "0-1"]
[WhiteElo "2095"]
[BlackElo "2316"]

1.e4 d6 2.d4 Nf6 3.Nc3 e5 4.Nf3 Nbd7 5.Bc4 Be7 6.O-O Nb6 7.Be2 exd4 8.Nxd4 O-O
9.Re1 c6 10.Bf1 d5 11.exd5 Nbxd5 12.Nxd5 Nxd5 13.c4 Nc7 14.Be3 Bf6 15.Qd3 Ne6
16.Nxe6 Qxd3 17.Bxd3 Bxe6 18.Rab1 Rad8 19.Red1 Rfe8 20.h3 Rd7 21.b3 Red8
22.Bc2 Bd4 23.Rxd4 Rxd4 24.Bxd4 Rxd4 25.Rd1 Rxd1+ 26.Bxd1 Kf8 27.Kf1 Ke7
28.Ke2 Kd6 29.Kd3 Ke5 30.Ke3 g5 31.g4 f5 32.f3 Bf7 33.gxf5 h5 34.Bc2 Be8
35.f4+ gxf4+ 36.Kf3 Bd7 37.f6 Kxf6 38.Kxf4 Bxh3 39.c5 Be6 40.a4 a5 41.Kg3 Ke5
42.Kh4 Kd4 43.Kxh5 Kc3  0-1

[Event "6th ch-Cent SRB Int 2013"]
[Site "Paracin SRB"]
[Date "2013.07.11"]
[Round "8.12"]
[White "Cabarkapa,N"]
[Black "Kadric,D"]
[Result "1/2-1/2"]
[WhiteElo "2356"]
[BlackElo "2459"]

1.e4 d6 2.d4 Nf6 3.Nc3 e5 4.Nf3 Nbd7 5.Bc4 Be7 6.O-O O-O 7.Re1 c6 8.a4 Qc7
9.h3 h6 10.b3 Re8 11.Bb2 Nf8 12.Bf1 Ng6 13.g3 Bf8 14.Bg2 Bd7 15.Qd2 b6 16.Rac1 a6
17.d5 c5 18.Kh2 b5 19.axb5 axb5 20.Ng1 Reb8 21.Nd1 Ra2 22.Qe3 Be7 23.Ne2 b4
24.f4 Ne8 25.Qf3 Bf6 26.f5 Nf8 27.h4 Qc8 28.Rb1 c4 29.bxc4 Qxc4 30.Ne3 Qc8
31.Nc1 Ra4 32.Bf1 Bd8 33.Bd3 Bb6 34.Nb3 Ra7 35.Bc1 Rc7 36.Bd2 Ba4 37.g4 Nh7
38.Rg1 g5 39.fxg6 fxg6 40.Rg2  1/2-1/2

[Event "Commonwealth & RSA Open"]
[Site "Port Elizabeth RSA"]
[Date "2013.07.11"]
[Round "8.13"]
[White "Kulkarni,R"]
[Black "Bezuidenhout,Roland"]
[Result "1-0"]
[WhiteElo "2270"]
[BlackElo "2030"]

1.e4 d6 2.d4 Nf6 3.Nc3 e5 4.Nf3 Nbd7 5.Bc4 Be7 6.O-O O-O 7.h3 c6 8.a4 b6
9.Qe2 Bb7 10.Re1 a6 11.Bg5 b5 12.Ba2 b4 13.Nb1 h6 14.Bh4 Nh7 15.Bg3 exd4
16.Nxd4 Bf6 17.c3 bxc3 18.bxc3 Be5 19.f4 Bxd4+ 20.cxd4 c5 21.d5 Re8 22.Nc3 Qa5
23.Qc2 c4 24.Rad1 Nhf6 25.Bb1 g6 26.e5 Nxd5 27.e6 Nf8 28.exf7+ Kxf7 29.Ne4 Rad8
30.Ba2 Kg7 31.Qxc4 Ne6 32.Qb3 Rb8 33.Qb2+ Kh7 34.Bxd5 Bxd5 35.Nf6+ Kh8 36.Qc2 Qb6+
37.Kh1  1-0

[Event "2nd Ideon Andron Open 2013"]
[Site "Anogia GRE"]
[Date "2013.07.12"]
[Round "4.6"]
[White "Maris,Io"]
[Black "Cherednichenko,S"]
[Result "0-1"]
[WhiteElo "1954"]
[BlackElo "2290"]

1.e4 d6 2.d4 Nf6 3.Nc3 e5 4.Nf3 Nbd7 5.h3 c6 6.a4 a5 7.Bd3 Be7 8.O-O O-O
9.Bg5 Qb6 10.Be3 Qc7 11.Nh4 Re8 12.Nf5 Bf8 13.f4 exd4 14.Nxd4 Nc5 15.Qf3 Qe7
16.Nf5 Bxf5 17.Bxc5 dxc5 18.exf5 c4 19.Be2 Qc5+ 20.Kh2 Re3 21.Qf2 Rae8 22.g4 Nd5
23.Bd1 Nxf4  0-1

[Event "120th ch-SCO 2013"]
[Site "Helensburgh SCO"]
[Date "2013.07.12"]
[Round "7.15"]
[White "Robertson,I"]
[Black "Olson,Hamish"]
[Result "1-0"]
[WhiteElo "2168"]
[BlackElo "2021"]

1.e4 d6 2.d4 Nf6 3.Nc3 e5 4.dxe5 dxe5 5.Qxd8+ Kxd8 6.Bc4 Be6 7.Bxe6 fxe6
8.Nge2 Bd6 9.f3 Nbd7 10.Be3 a6 11.O-O-O Ke7 12.Kb1 Raf8 13.Nc1 Rhg8 14.Nd3 b5
15.Rd2 Ra8 16.a4 Rgb8 17.b3 c5 18.axb5 axb5 19.Na2 Ra3 20.Ndc1 Rba8 21.Rhd1 R8a6
22.Kb2 Bc7 23.Rd3 h6 24.Nc3 R3a5 25.N3a2 c4 26.Rc3 Bd6 27.bxc4 b4 28.Rb3 Bc5
29.Nxb4 Rb6 30.Bd2 Ra4 31.Ncd3 Rd6 32.Ra1 Bd4+ 33.c3 Rxa1 34.Kxa1 Bg1 35.Ra3 Nc5
36.Nxc5 Rxd2 37.Ra7+ Kd6 38.Ra6+ Ke7 39.Rxe6+ Kf7 40.Rc6 Rxg2 41.Rc7+ Ke8
42.Ne6 g5 43.Nc6 Ng8 44.Rg7 Rxh2 45.Nxe5 Rc2 46.Rxg8+ Ke7 47.Nf4 Rxc3 48.Nd5+  1-0

[Event "Universiade Women"]
[Site "Kazan RUS"]
[Date "2013.07.12"]
[Round "6.1"]
[White "Zhao Xue"]
[Black "Ju Wenjun"]
[Result "1/2-1/2"]
[WhiteElo "2553"]
[BlackElo "2531"]

1.d4 d6 2.e4 Nf6 3.Nc3 e5 4.dxe5 dxe5 5.Qxd8+ Kxd8 6.Bc4 Ke8 7.Nf3 Bd6 8.Bg5 Nbd7
9.O-O-O a6 10.a4 h6 11.Bh4 b6 12.Nd2 Bb7 13.f3 Bb4 14.Na2 Bd6 15.Be2 Nh5
16.Nc4 Be7 17.Be1 Nf4 18.Bf1 Rd8 19.h4 f6 20.Ne3 Bc5 21.Bd2 Bxe3 22.Bxe3 Ke7
23.Bxf4 exf4 24.h5 Nc5 25.Rxd8 Rxd8 26.Nc3 Kd6 27.b4 Ne6 28.Bc4 Nd4 29.Nd1 b5
30.axb5 axb5 31.Bd3 Bc6 32.Rh4 Ne6 33.Nc3 Rb8 34.Ne2 Be8 35.c3 Ke5 36.Bc2 c5
37.bxc5 Nxc5 38.Rxf4 Bd7 39.Rh4 b4 40.cxb4 Rxb4 41.Rh1 Bb5 42.Ng3 Bd3 43.Bxd3 Nxd3+
44.Kc2 Nf4 45.Nf5 Nxg2 46.Rg1 Nf4 47.Nxg7 Rc4+ 48.Kb2 Rc7 49.Nf5 Nxh5 50.Rh1 Nf4
51.Rxh6 Nd3+ 52.Kb3 Ne1 53.f4+  1/2-1/2

[Event "ch-BEL Open 2013"]
[Site "Antwerp BEL"]
[Date "2013.07.13"]
[Round "8.3"]
[White "Sadikhov,U"]
[Black "Motwani,P"]
[Result "1/2-1/2"]
[WhiteElo "2222"]
[BlackElo "2499"]

1.e4 d6 2.d4 Nf6 3.Nc3 Nbd7 4.Nf3 e5 5.Bc4 Be7 6.O-O O-O 7.h3 a6 8.a4 b6
9.Qe2 c6 10.Rd1 Qc7 11.d5 c5 12.Nh2 Kh8 13.f4 exf4 14.Bxf4 Ne5 15.Nf3 Ng6
16.Bh2 Nd7 17.Bg3 Bf6 18.Rf1  1/2-1/2

[Event "V4 Int Open ch-SVK 2013"]
[Site "Banska Stiavnica SVK"]
[Date "2013.07.13"]
[Round "8.20"]
[White "Peitl,T"]
[Black "Kochetkova,J"]
[Result "0-1"]
[WhiteElo "2211"]
[BlackElo "2328"]

1.e4 d6 2.d4 Nf6 3.Nc3 e5 4.dxe5 dxe5 5.Qxd8+ Kxd8 6.Bg5 Be6 7.O-O-O+ Nd7
8.Nf3 Kc8 9.a3 c6 10.Bh4 Kc7 11.Bg3 Bd6 12.Ng5 Rhe8 13.Nxe6+ Rxe6 14.Bc4 Re7
15.Rd2 Nh5 16.Bh4 f6 17.Rhd1 Bc5 18.Ne2 Nf4 19.Bg3 Nxg2 20.b4 Bb6 21.Be6 Nf8
22.Bh3 Ne3 23.fxe3 Bxe3 24.Kb2 Bxd2 25.Rxd2 Ne6 26.Bf2 Rd8 27.Rxd8 Nxd8 28.Bc5 Re8
29.Ng3 g6 30.Bf1 Ne6 31.Be3 Rd8 32.Bc4 Nd4 33.Bxd4 Rxd4 34.Bd3 Rd8 35.Kc3 Kd6
36.Nf1 b5 37.Ne3 Ke6 38.Kd2 a5 39.bxa5 Ra8 40.c4 Rxa5 41.cxb5 cxb5 42.Nc2 Kd6
43.Kc3 Kc5 44.Kb3 Ra7 45.Kc3 Rxa3+ 46.Nxa3 b4+ 47.Kb3 bxa3 48.Kxa3 Kd4 49.Bc2 g5
50.Kb2 h5 51.Kc1 Ke3 52.Kd1 Kf2 53.Bb3 g4  0-1

[Event "V4 Int Open ch-SVK 2013"]
[Site "Banska Stiavnica SVK"]
[Date "2013.07.13"]
[Round "8.9"]
[White "Lanc,A"]
[Black "Holtman,Teodor"]
[Result "1-0"]
[WhiteElo "2369"]
[BlackElo "1725"]

1.e4 d6 2.d4 Nf6 3.Nc3 e5 4.Nf3 Nbd7 5.Bc4 Be7 6.O-O O-O 7.Re1 c6 8.a4 h6
9.h3 Re8 10.a5 exd4 11.Qxd4 Ne5 12.Be2 Qc7 13.Nh2 Bd7 14.f4 Ng6 15.Qf2 d5
16.e5 Nh7 17.Bd3 Nhf8 18.Nf3 f5 19.Qg3 Kf7 20.h4 Bc5+ 21.Kh1 Be6 22.h5 Ne7
23.Bd2 a6 24.Nh4 Kg8 25.Na4 Ba7 26.b4 Nd7 27.Be3 c5 28.bxc5 Nxc5 29.Nxc5 Bxc5
30.Bxc5 Qxc5 31.Reb1 Qc7 32.Rb6 Nc8 33.Rxe6 Rxe6 34.Nxf5 Qf7 35.Qg4 Kh8 36.Rb1 Rc6
37.Nh4 b5 38.Ng6+ Kg8 39.f5 Ne7 40.f6 Nxg6 41.Bxg6 Qe6 42.Bh7+ Kf8 43.Qxg7+ Ke8
44.Bg6+ Kd8 45.f7  1-0

[Event "XV Sant Marti Open A"]
[Site "Barcelona ESP"]
[Date "2013.07.13"]
[Round "1.20"]
[White "Real Pereyra,D"]
[Black "Valdes,Le"]
[Result "1-0"]
[WhiteElo "2076"]
[BlackElo "2444"]

1.e4 d6 2.d4 Nf6 3.Nc3 Nbd7 4.f4 e5 5.Nf3 exd4 6.Qxd4 c6 7.Be3 d5 8.exd5 Bc5
9.Qd3 Qe7 10.Nd4 Ng4 11.Nf5 Nde5 12.Nxe7 Nxd3+ 13.Bxd3 Nxe3 14.Nxc8 Rxc8
15.dxc6 Rxc6 16.Kd2 O-O 17.Na4 Nxg2 18.Nxc5 Rxc5 19.Raf1 f5 20.h4 g6 21.Rh2 Nxf4
22.Rxf4 Kg7 23.Re2 Kf6 24.Rd4 Rc7 25.c4 Rff7 26.b4 b6 27.h5 Rfd7 28.Rxd7 Rxd7
29.Rf2 Kg5 30.hxg6 hxg6 31.Kc3 Rc7 32.Bc2 Kf6 33.c5 bxc5 34.b5 Ke5 35.Kc4 Rg7
36.Kxc5 f4 37.Re2+ Kf6 38.Kd6 Kg5 39.Be4 Rg8 40.Ke7 Rb8 41.a4 Rb6 42.Rb2 a5
43.Rc2 Kg4 44.Rg2+ Kh5 45.Bf3+ Kh6 46.Kf7 Rd6 47.Be4 Kh5 48.Rxg6 Rd7+ 49.Ke6 Rd4
50.Ke5 Rxa4 51.Rg1 Kh6 52.Kxf4 Ra2 53.b6 Rf2+ 54.Ke5 a4 55.b7 Rf8 56.Rg6+ Kh5
57.Ra6  1-0

[Event "12th Condom Open"]
[Site "Condom FRA"]
[Date "2013.07.13"]
[Round "1.8"]
[White "Cattaneo,R"]
[Black "Leenhouts,K"]
[Result "0-1"]
[WhiteElo "1978"]
[BlackElo "2392"]

1.e4 d6 2.d4 Nf6 3.Nc3 e5 4.Bg5 h6 5.dxe5 hxg5 6.exf6 Qxf6 7.Nd5 Qd8 8.Ne2 c6
9.Ne3 Be7 10.Qd2 Nd7 11.f3 Ne5 12.Nd4 g6 13.Be2 Qb6 14.O-O-O Bd7 15.h4 Rxh4
16.Rxh4 gxh4 17.f4 O-O-O 18.fxe5 dxe5 19.Nf3 Bg4 20.Nc4 Qc5 21.Qa5 Rxd1+
22.Kxd1 Bxf3 23.gxf3 b5 24.Qa6+ Kc7 25.Na5 Qg1+ 26.Kd2 Bg5+ 27.Kc3 Qd4+ 28.Kb3 Qa4+
29.Kc3 Qd4+ 30.Kb3 Qb6 31.Qxb6+ Kxb6 32.Nc4+ bxc4+ 33.Kxc4 h3 34.Bf1 h2 35.Bg2 Kc7
36.Kc5 Be3+ 37.Kc4 Kd6 38.a4 Ke7 39.b4 a6 40.b5 cxb5+ 41.axb5 a5 42.Kd5 a4
43.Kc4 a3 44.Kb3 Bc5 45.c4 Kf6 46.b6 Bxb6 47.Kxa3 Kg5 48.Kb4 Kf4 49.c5 Bd8
50.Kc4 Kg3 51.Bh1 Kf2  0-1

[Event "ch-BEL Open 2013"]
[Site "Antwerp BEL"]
[Date "2013.07.14"]
[Round "9.18"]
[White "Beukema,Jasper"]
[Black "Barbier,Wim"]
[Result "0-1"]
[WhiteElo "1730"]
[BlackElo "2115"]

1.e4 d6 2.d4 Nf6 3.Nc3 e5 4.dxe5 dxe5 5.Qxd8+ Kxd8 6.Bg5 Bd6 7.O-O-O Nd7
8.Bc4 Ke8 9.f3 a6 10.Nge2 Nb6 11.Bb3 Be6 12.Bxe6 fxe6 13.h3 Ke7 14.g3 h6
15.Be3 Nc4 16.Bf2 b5 17.b3 Ba3+ 18.Kb1 Nd6 19.Nc1 Bb4 20.N3e2 Nb7 21.Be1 Bd6
22.Bc3 Nc5 23.Nd3 Nfd7 24.Nec1 Rhf8 25.Rhf1 Rf7 26.Bb2 Raf8 27.f4 Ke8 28.Rfe1 exf4
29.e5 Be7 30.Nxf4 g5 31.Ng6 Rg8 32.Nxe7 Rxe7 33.Ba3 Rf7 34.Rxd7 Nxd7 35.Ne2 c5
36.b4 Rf3 37.Kb2 Nb6 38.c3 c4 39.Kc2 Re3 40.Kd2 Rxe5  0-1

[Event "ch-BEL Open 2013"]
[Site "Antwerp BEL"]
[Date "2013.07.14"]
[Round "9.21"]
[White "Peleman,T"]
[Black "Lenoir,Au"]
[Result "1-0"]
[WhiteElo "2022"]
[BlackElo "1782"]

1.e4 d6 2.d4 Nf6 3.Nc3 Nbd7 4.Nf3 e5 5.Bc4 h6 6.O-O c6 7.Qe2 Qc7 8.a4 Be7
9.h3 Nf8 10.Rd1 g5 11.Nh2 Ng6 12.a5 Nf4 13.Bxf4 gxf4 14.Qd3 Rg8 15.Ne2 Be6
16.Bxe6 fxe6 17.dxe5 dxe5 18.Qc4 Kf7 19.Nf3 Nh5 20.Rd7 Qb8 21.Qc5 Qf8 22.Qxe5 Nf6
23.Qxf4 Ke8 24.Rxb7 Qg7 25.g3 Nh5 26.Qc7 Nf6 27.Qxc6+ Kf8 28.Nf4 Qh7 29.Nxe6+  1-0

[Event "Universiade Women"]
[Site "Kazan RUS"]
[Date "2013.07.14"]
[Round "8.8"]
[White "Bulmaga,I"]
[Black "Soloviova,L"]
[Result "1-0"]
[WhiteElo "2403"]
[BlackElo "2296"]

1.e4 d6 2.d4 Nf6 3.Nc3 e5 4.Nf3 Nbd7 5.Bc4 Be7 6.O-O O-O 7.Re1 c6 8.a4 Qc7
9.h3 h6 10.b3 Rd8 11.Bb2 Nf8 12.Bf1 Ng6 13.g3 b6 14.Bg2 a6 15.Qe2 Bb7 16.Rad1 b5
17.Qe3 b4 18.dxe5 dxe5 19.Nb1 Nd7 20.Nbd2 Bc5 21.Qe2 a5 22.Nc4 Ba6 23.h4 Ngf8
24.Nfxe5 Bxc4 25.Nxc4 Qxg3 26.Rd3 Qxh4 27.Rh3 Qg5 28.Ne3 Ng6 29.Rg3 Qf4 30.Rg4 Qc7
31.Nf5 Nde5 32.Rg3 Rd7 33.Qh5 Re8 34.Bc1 Qb6 35.Rf1 Re6 36.Qe2 Kh7 37.Kh1 Rd8
38.f4 Nd7 39.Bb2 Bf8 40.e5 Nc5 41.Nd4 Ree8 42.Nxc6 Rd7 43.Nd4 Qd8 44.Nc6 Rd2
45.Qe3 Qd7 46.Nd4 Rxg2 47.Rxg2 Nh4 48.Rh2 Qd5+ 49.Kg1 Be7 50.Qg3 Ne4 51.Qd3 g6
52.Rxh4 Bxh4 53.Nf3 Qa8 54.Nxh4 Rd8 55.Bd4 Qd5 56.Re1 Nc5 57.Bxc5 Qxc5+ 58.Qe3 Qxc2
59.Rc1 Qb2 60.Nf3 Rd3 61.Qxd3 Qxc1+ 62.Kf2 Qxf4 63.e6 Qc7 64.Qd7 Qb6+ 65.Nd4 h5
66.Qxf7+ Kh6 67.Qf4+ g5 68.Qe5 g4 69.e7 g3+ 70.Kxg3 Qg6+ 71.Kf2 Qe8 72.Nf5+ Kg6
73.Qg7+  1-0

[Event "7th LCT 2013"]
[Site "Leiden NED"]
[Date "2013.07.14"]
[Round "3.3"]
[White "Sethuraman,S"]
[Black "Hasangatin,R"]
[Result "0-1"]
[WhiteElo "2562"]
[BlackElo "2489"]

1.d4 d6 2.e4 Nf6 3.Nc3 e5 4.dxe5 dxe5 5.Qxd8+ Kxd8 6.Bg5 Be6 7.O-O-O+ Nd7
8.f4 exf4 9.Nf3 h6 10.Bxf4 c6 11.a3 Bc5 12.h3 Nh5 13.Bh2 Be3+ 14.Kb1 Bf4
15.g4 Bxh2 16.Rxh2 Nf4 17.Nd4 Ng6 18.Nf5 Bxf5 19.exf5 Ne5 20.f6 g5 21.h4 Kc7
22.Ne4 Nxg4 23.Bh3 Ndxf6 24.Nxf6 Nxh2 25.Rd7+ Kb6 26.Rxf7 g4 27.Nd7+ Kc7
28.Bg2 Kd6 29.b4 b6 30.b5 Ke6 31.Rf2 Kxd7 32.Bxc6+ Ke6 33.Rxh2 Rad8 34.Re2+ Kf6
35.Re4 Rhg8 36.Rf4+ Ke5 37.Rf7 g3 38.Re7+ Kd6 39.Re2 Rg7 40.Kb2 Kc7 41.Kb3 Rd6
42.Bg2 Rf6 43.Re8 Rf2 44.Ra8 Kd6 45.Bc6 g2  0-1

[Event "10th South Wales Int 2013"]
[Site "Penarth WLS"]
[Date "2013.07.14"]
[Round "1.9"]
[White "Rodriguez,Juan Talavera"]
[Black "Cooksey,P"]
[Result "0-1"]
[WhiteElo "1967"]
[BlackElo "2293"]

1.e4 d6 2.d4 Nf6 3.Nc3 e5 4.Nf3 Nbd7 5.Be2 Be7 6.O-O O-O 7.Re1 b6 8.b3 Bb7
9.Bc4 c6 10.d5 a6 11.dxc6 Bxc6 12.Bd5 Qc7 13.Bxc6 Qxc6 14.Bb2 b5 15.Qd2 Rfc8
16.Re2 Qb7 17.Rd1 Nc5 18.Qe3 b4 19.Nd5 Ncxe4 20.Nxe7+ Qxe7 21.Qd3 Rc3 22.Bxc3 Nxc3
23.Red2 Nxd1 24.Rxd1 d5 25.Qe2 e4 26.Nd4 Qc5 27.Qd2 h6 28.h3 Rc8 29.Re1 Qc3
30.Qxc3 Rxc3 31.a4 g6 32.Re3 Rc8 33.Kf1 Nh5 34.g3 Ng7 35.Ke1 Nf5 36.Nxf5 gxf5
37.Kd2 d4 38.Re1 Rc3 39.Rb1 Kg7 40.Rb2 Kf6 41.Rb1 Ke5 42.Rb2 f4  0-1

[Event "10th South Wales Int 2013"]
[Site "Penarth WLS"]
[Date "2013.07.14"]
[Round "1.7"]
[White "Waterfield,J"]
[Black "Greet,A"]
[Result "0-1"]
[WhiteElo "1980"]
[BlackElo "2427"]

1.e4 d6 2.d4 Nf6 3.Nc3 e5 4.Nf3 Nbd7 5.Bc4 Be7 6.O-O O-O 7.Re1 c6 8.a4 b6
9.d5 cxd5 10.Nxd5 Bb7 11.b3 Rc8 12.Re2 Nc5 13.Nxf6+ Bxf6 14.Bd5 Qd7 15.Ba3 Rfd8
16.Rc1 a6 17.c4 Ne6 18.g3 Nf4 19.gxf4 Qg4+ 20.Kf1 Bxd5 21.Nxe5 Qh3+ 22.Kg1 Bxe4
23.Rxe4 dxe5 24.Qc2 exf4 25.Rce1 f3 26.Bb2 Qg2+  0-1

[Event "10th South Wales Int 2013"]
[Site "Penarth WLS"]
[Date "2013.07.14"]
[Round "3.6"]
[White "Freeland,Alex"]
[Black "Cooksey,P"]
[Result "0-1"]
[WhiteElo "1844"]
[BlackElo "2293"]

1.e4 d6 2.d4 Nf6 3.Nc3 e5 4.Nf3 Nbd7 5.Bc4 Be7 6.O-O O-O 7.Re1 c6 8.a4 b6
9.d5 cxd5 10.Nxd5 Bb7 11.b3 Rc8 12.Re2 Nc5 13.Nxf6+ Bxf6 14.Bd5 Qd7 15.Bb2 Rfd8
16.Qd2 Ne6 17.g3 Bxd5 18.Qxd5 Nf4 19.gxf4 Qg4+ 20.Kf1 Qxf3 21.Rd2 Qxf4 22.Rad1 Qxh2
23.Qb7 Qh3+ 24.Ke1 Bg5  0-1